000 00504nam a2200217Ia 4500
005 20250425162053.0
008 250425s9999 xx 000 0 und d
020 _a9688800012
041 _aspa
082 _a657
100 _aHORNGREN, CHARLES T.
245 0 _aCONTABILIDAD FINANCIERA
250 _a1A ED.
260 _aMEXICO
260 _aMéxico
_bPRENTICE HALL
_c1983
300 _a736
650 _aCONTABILIDAD
650 _aCONTABILIDAD FINANCIERA
942 _c01
010 _a47301
999 _c221772
_d221772